Geometric exercises in paper folding

Αποθηκεύτηκε σε:
Λεπτομέρειες βιβλιογραφικής εγγραφής
Κύριος συγγραφέας: Sundara Rao, T. (Tandalam), 1853-
Μορφή: Βιβλίο
Γλώσσα:English
Δημοσίευση: New York : Dover Publications, 1966
Θέματα:
Ετικέτες: Προσθήκη ετικέτας
Δεν υπάρχουν, Καταχωρήστε ετικέτα πρώτοι!

MARC

LEADER 00000cam a2200000 i 4500
001 1/4838
008 100224s1966 eng d
035 |l 10106946 
040 |a GR-MY-UA  |b gre  |e aacr 
041 0 |a eng 
082 0 |a 516.0071  |2 (22) 
100 1 |a Sundara Rao, T.   |q (Tandalam),   |d 1853- 
245 1 0 |a Geometric exercises in paper folding /  |c by T. Sundara Row ; edited and revised by Wooster Woodruff Beman and David Eugene Smith 
260 |a New York :   |b Dover Publications,   |c 1966 
300 |a xii, 148 σ.;  |b διαγρ.;  |c 22 εκ. 
650 0 0 |a Geometry  |x Study and teaching. 
852 |a INST  |b SAMOS  |c MAG  |e 20100224  |h 516.0071 SUN  |p 005300030575  |q 005300030575  |t BK  |y 0 
901 |a BIBL3-2010-1 
909 |a Σ  |b 161867 
970 |a ΣΙΤΖΙΜΗ  |b ΓΙΑΣΕΜΗ  |z 2010/02/24